| 000 | 00371nam a2200133Ia 4500 | ||
|---|---|---|---|
| 008 | 240624s9999 xx 000 0 und d | ||
| 041 | _aeng | ||
| 082 | _a658.4092 WAR | ||
| 100 | _aWART MONTGOMERY VAN | ||
| 245 | _aLEADERSHIP IN PUBLIC ORGANIZATIONS AN IN | ||
| 260 |
_c2008 _aNew Delhi _bPrentice-Hall of India |
||
| 300 | _axi, : 322 : p. : cm. ; 23 | ||
| 365 |
_cRS _b35 |
||
| 999 |
_c15012 _d15012 |
||